000
00224nam a2200097Ia 4500
001
781374
005
20250826170142.0
008
250824s9999 xx 000 0 und d
245
0
_a
OLASILIKSIZ
_c
ADAM FAWER
260
_b
A.P.R.I.L
999
_c
781374
_d
781374